[Event "Ibiza Eivissa op 8th"]
[Site "Eivissa"]
[Date "2019.07.28"]
[Round "7"]
[White "Reina Sorribas, Adrian"]
[Black "Agim, Azizaj"]
[Result "0-1"]
[WhiteElo "1278"]
[BlackElo "1927"]
[PlyCount "92"]
[EventDate "2019.07.07"]
[EventType "swiss"]
[EventRounds "7"]
[EventCountry "ESP"]
[SourceTitle "EXT 2020"]
[Source "ChessBase"]
[SourceDate "2019.10.17"]
[SourceVersion "1"]
[SourceVersionDate "2019.10.17"]
[SourceQuality "1"]

1. d4 Nf6 2. Bf4 e6 3. Nf3 b6 4. e3 Be7 5. Bd3 Bb7 6. Nbd2 d5 7. 0-0 Nbd7 8. c3 0-0 9. Qc2 c5 10. dxc5 Nxc5 11. Rad1 Bd6 12. Bg5 h6 13. Bh4 e5 14. Bxf6 Qxf6 15. e4 Rad8 16. exd5 Qf4 17. Rfe1 Bxd5 18. b3 Rfe8 19. Be4 Be6 20. b4 Nxe4 21. Qxe4 Qxe4 22. Nxe4 Bb8 23. Rxd8 Rxd8 24. a3 Rd3 25. Re3 Rd1+ 26. Re1 Rd3 27. Re3 Rd1+ 28. Re1 Rxe1+ 29. Nxe1 f5 30. Ng3 g6 31. f3 b5 32. Kf2 Bc7 33. Nd3 Bb6+ 34. Ke1 Bc7 35. Nc5 Bc4 36. a4 Bb6 37. axb5 Bxc5 38. bxc5 Bxb5 39. Ne2 Kf7 40. Nc1 Ke6 41. Nb3 Kd5 42. Kd2 Bc4 43. Na5 Kxc5 44. Nxc4 Kxc4 45. Kc2 a5 46. Kb2 a4 0-1

[Event "Ibiza Eivissa op 8th"]
[Site "Eivissa"]
[Date "2019.07.14"]
[Round "3"]
[White "Bordes Ibanez, Juan Bautista"]
[Black "Agim, Azizaj"]
[Result "0-1"]
[WhiteElo "1951"]
[BlackElo "1927"]
[PlyCount "74"]
[EventDate "2019.07.07"]
[EventType "swiss"]
[EventRounds "7"]
[EventCountry "ESP"]
[SourceTitle "EXT 2020"]
[Source "ChessBase"]
[SourceDate "2019.10.17"]
[SourceVersion "1"]
[SourceVersionDate "2019.10.17"]
[SourceQuality "1"]

1. Nf3 Nf6 2. c4 c5 3. Nc3 b6 4. g3 Bb7 5. Bg2 e6 6. 0-0 Be7 7. d4 cxd4 8. Nxd4 Bxg2 9. Kxg2 Qc7 10. Qa4 0-0 11. Bf4 e5 12. Nf5 Bc5 13. Bg5 Qb7+ 14. f3 Nh5 15. Rad1 f6 16. Bc1 g6 17. Nd6 Qc6 18. Qxc6 dxc6 19. Nce4 Na6 20. Nb7 Bd4 21. e3 Rab8 22. exd4 Rxb7 23. dxe5 fxe5 24. Rd6 Nb4 25. a3 Nc2 26. Rxc6 Nd4 27. Rd6 Rc7 28. Be3 Nf5 29. Rd3 Rxc4 30. Rf2 Nhg7 31. Bd2 Ne6 32. Nd6 Rd4 33. Rxd4 exd4 34. Nxf5 Rxf5 35. Re2 Kf7 36. Re4 Rc5 37. Kf2 Rc2 0-1

[Event "Ibiza Eivissa op 8th"]
[Site "Eivissa"]
[Date "2019.07.07"]
[Round "1"]
[White "Galvez Maldonado, Antonio"]
[Black "Agim, Azizaj"]
[Result "0-1"]
[WhiteElo "1387"]
[BlackElo "1927"]
[PlyCount "64"]
[EventDate "2019.07.07"]
[EventType "swiss"]
[EventRounds "7"]
[EventCountry "ESP"]
[SourceTitle "EXT 2020"]
[Source "ChessBase"]
[SourceDate "2019.10.17"]
[SourceVersion "1"]
[SourceVersionDate "2019.10.17"]
[SourceQuality "1"]

1. d4 Nf6 2. c4 e6 3. Nc3 Bb4 4. Qc2 d5 5. a3 Bxc3+ 6. Qxc3 Ne4 7. Qc2 0-0 8. e3 f5 9. cxd5 exd5 10. Bd3 Qg5 11. g3 c6 12. Bd2 Nd7 13. f3 Nxd2 14. Qxd2 Re8 15. f4 Qe7 16. Kf2 Nf6 17. h3 Ne4+ 18. Bxe4 dxe4 19. Ne2 Be6 20. Rac1 Red8 21. Rc3 Rac8 22. Qc2 Qf7 23. Rc5 Bd5 24. Qa4 b6 25. Rcc1 Bb3 26. Qb4 b5 27. Rc5 Bc4 28. Nc3 Qh5 29. Rh2 Qf3+ 30. Ke1 Qxg3+ 31. Rf2 Qg1+ 32. Kd2 Qxf2+ 0-1